00337nam a2200097Ia 4500008004100000082001700041100001400058245008500072260007300157300000900230210430s9999 xx 000 0 und d a327.2S8935 S aAnwar Dil aStrategy, Diplomacy, Humanity: life and work of Shabzada Yaqub-Khan /cAnwar Dil a Islamabad bIntercultural Forum Takshila Research University c2005 a396p